<?xml version="1.0" encoding="UTF-8"?>
<collection xmlns="http://www.loc.gov/MARC21/slim">
  <record>
    <leader>00000nam  2200000   4500</leader>
    <controlfield tag="001">INLIS000000000016787</controlfield>
    <controlfield tag="005">20240201104416</controlfield>
    <datafield tag="035" ind1="#" ind2="#">
      <subfield code="a">0010-0224000004</subfield>
    </datafield>
    <datafield tag="245" ind1="1" ind2="#">
      <subfield code="a">Pembuatan Rancangan Standar Operasional Prosedur (SOP) Pelaporan Hasil Kinerja Petugas Penyuluh Koperasi Lapangan di Deputi Bidang Perkoperasian Kementerian Koperasi dan UKM /</subfield>
      <subfield code="c">Serly Marlina</subfield>
    </datafield>
    <datafield tag="100" ind1=" " ind2="#">
      <subfield code="a">Serly Marlina</subfield>
    </datafield>
    <datafield tag="250" ind1="#" ind2="#">
      <subfield code="a">1</subfield>
    </datafield>
    <datafield tag="300" ind1="#" ind2="#">
      <subfield code="a">70 halaman ;</subfield>
      <subfield code="c">30 cm</subfield>
    </datafield>
    <datafield tag="856" ind1="#" ind2="#">
      <subfield code="a">Perpustakaan LAN Pusat</subfield>
    </datafield>
    <datafield tag="260" ind1="#" ind2="#">
      <subfield code="a">Jakarta :</subfield>
      <subfield code="b">Pusbangkader,</subfield>
      <subfield code="c">2021</subfield>
    </datafield>
    <datafield tag="084" ind1="#" ind2="#">
      <subfield code="a">R 083 LATSAR 2021</subfield>
    </datafield>
    <datafield tag="650" ind1="#" ind2="4">
      <subfield code="a">SOP</subfield>
    </datafield>
    <datafield tag="600" ind1="#" ind2="4">
      <subfield code="a">Petugas Penyuluh Koperasi</subfield>
    </datafield>
    <datafield tag="520" ind1="#" ind2="#">
      <subfield code="a">Menurut hasil laporan evaluasi kinerja PPKL oleh Dinas daerah yang membidangi Koperasi setempat, masih ditemukan PPKL di daerah tersebut yang belum lengkap dalam melakukan pengisian data pelaporan hasil kinerja PPKL. Jika hal ini tidak segera diselesaikan, akan mempengaruhi kualitas mutu teknis pelaporan hasil kinerja oleh PPKL karena pelaporan dilakukan cenderung asal-asalan dan tidak terstandarisasi dengan baik, dampaknya akan berpengaruh kepada kurangnya akuntabilitas dari laporan hasil kinerja PPKL tersebut, sehingga keakuratan data yang dilaporkan kurang dapat dipertanggungjawabkan dan menghambat untuk dilakukan evaluasi terhadap hasil kinerja PPKL oleh Dinas Daerah yang membidangi Koperasi.</subfield>
    </datafield>
    <datafield tag="990" ind1="#" ind2="#">
      <subfield code="a">23.11.083</subfield>
    </datafield>
  </record>
</collection>
